000 01963nam0a2200361 i 4500
001 RU\NLR\BIBL_A\010744855
005 20240726102347.0
010 _a9785422409624
021 _aRU
_b2015-20101
_91201
035 _a(NILC)RuMoRGB-007895422
035 _a(NLR Aleph) 010744855
090 _a9919015
_c9919015
100 _a20150506d2015 um y0rusy50 ca
101 1 _arus
_cfre
102 _aRU
105 _ay|||z|||000ay
200 1 _aФелиси, или Мои проказы
_e[романы
_fпер. с фр. А. Веркина]
210 _aМосква
_cТерра
_cКнижный Клуб Книговек
_d2015
215 _a508, [2] с.
_d17
225 1 _aМанон
327 1 _aСодерж.: Фелиси, или Мои проказы / Андре Робер Андреа де Нерсиа. Марго-штопальщица / Луи Шарль Фужере де Монброн
333 _aВнимание. Только для взрослых
464 0 _12001#$aФелиси, или Мои проказы$fАндре Робер Андреа де Нерсиа
_1700#1$aНерсиа$bА.-Р. А. де$f1739-1800$gАндре-Робер Андреа де$3RU\NLR\AUTH\770264727
_tФелиси, или Мои проказы
_aНерсиа, Андре-Робер Андреа де (1739-1800)
464 0 _12001#$aМарго-штопальщица$fЛуи Шарль Фужере де Монброн
_1700#1$aФужере де Монброн$bЛ.-Ш.$gЛуи-Шарль$f1706-1760$3RU\NLR\AUTH\7710208
_tМарго-штопальщица
_aФужере де Монброн, Луи-Шарль (1706-1760)
517 1 _aМои проказы
686 1 _aШ6(4Фр)457-440.4(АдН){Лх1645-50(АдН)}
686 1 _aШ6(4Фр)457-440.4(ФдМ){Лх1645-50(ФдМ)}
801 0 _aRU
_bРГБ
_c20150324
_gRCR
942 _cBOOK
980 _aNBR